Philadelphia 76ers 2020s Top 10 Leaders - Statistics

General Stats
  • This quiz has been taken 172 times
    35 since last reset
  • The average score is 10 of 19
Answer Stats
Player % Correct
Joel Embiid
100%
Tyrese Maxey
100%
Tobias Harris
87%
Andre Drummond
78%
Ben Simmons
78%
James Harden
78%
Kelly Oubre Jr.
70%
Adem Bona
57%
Paul Reed
48%
Quentin Grimes
43%
VJ Edgecombe
39%
Danny Green
35%
Furkan Korkmaz
26%
Matisse Thybulle
26%
Seth Curry
26%
Dwight Howard
22%
Georges Niang
22%
Shake Milton
22%
De'Anthony Melton
17%
No matching quizzes found
Score Distribution
Percent of People with Each Score
Percentile by Number Answered
Your Score History
You have not taken this quiz since the last reset